Princesita / (Registro nro. 9272)
[ vista simple ]
| 000 -LIDER | |
|---|---|
| fixed length control field | 00760nam a22002417a 4500 |
| 003 - IDENTIFICACDOR DE NÚMERO DE CONTROL | |
| control field | DO-SdBNP |
| 005 - DATE AND TIME OF LATEST TRANSACTION | |
| control field | 20221102132015.0 |
| 008 - ELEMENTOS DE LONGITUD FIJA | |
| fixed length control field | 160316b 1961 sp ||| 00| 0 spa d |
| 040 ## - FUENTE DE CATALOGACIÓN | |
| Agencia que crea de manera original el registro | BPMSU |
| Idioma de catalogación | spa |
| Agencia que realiza la transcripción | BPMSU |
| 082 #4 - NÚMERO DE CLASIFICACIÓN DECIMAL DE DEWEY | |
| Classification number | 813.4 |
| Item number | B964p 1961 |
| Edition number | 22 |
| 100 1# - ASIENTO PRINCIPAL -- NOMBRE PERSONAL | |
| Nombre personal | Burnett, Frances Hodgson, |
| Fechas asociadas con el nombre | $d1849-1924. |
| 245 10 - MENCIÓN DE TITULO | |
| Título | Princesita / |
| Mención de responsabilidad | Frances H. Burnett ; traducción Mary Duaygües ; ilustración P. Ramírez |
| 260 ## - PUBLICACIÓN, DISTRIBUCIÓN, ETC. (PIE DE IMPRENTA) | |
| Lugar de publicación, distribución, etc | Barcelona : |
| Nombre del editor, distribuidor, etc. | Molino, |
| Fecha de publicación, distribución, etc | 1961. |
| 300 ## - DESCRIPCIÓN FÍSICA | |
| Extensión | 156 p. : |
| Otros detalles físicos | il., |
| Dimensiones | 20 cm. |
| 490 1# - MENCIÓN DE SERIES | |
| Mención de serie | Obras juveniles |
| Volume/sequential designation | 33 |
| 590 ## - NOTA LOCAL | |
| Enlace | Inventariado, 2022/VM |
| 650 ## - ENCABEZAMIENTO DE MATERIA--TEMÁTICO | |
| Término temático o nombre geográfico como elemento de entrada | Novela estadounidense. |
| 700 1# - ASIENTO SECUNDARIO -- NOMBRE PERSONAL | |
| Nombre personal | Duaygües, Mary, |
| Mención de responsabilidad | tr. |
| 700 1# - ASIENTO SECUNDARIO -- NOMBRE PERSONAL | |
| Nombre personal | Ramírez, P., |
| Mención de responsabilidad | il. |
| 830 #0 - ASIENTO SECUNDARIO DE SERIE--TÍTULO UNIFORME | |
| Título uniforme | Obras juveniles |
| Número de la parte o sección de una obra | 33 |
| 910 ## - VALIDACIÓN | |
| Validación | BTAVAREZ/ VMateo V./Validado |
| 942 ## - ADDED ENTRY ELEMENTS (KOHA) | |
| Source of classification or shelving scheme | Dewey Decimal Classification |
| Koha item type | Libros |
| Withdrawn status | Lost status | Source of classification or shelving scheme | Damaged status | Not for loan | Collection code | Home library | Current library | Date acquired | Source of acquisition | Full call number | Barcode | Date last seen | Price effective from | Koha item type |
|---|---|---|---|---|---|---|---|---|---|---|---|---|---|---|
| Dewey Decimal Classification | Colección Juvenil General | Biblioteca Pública Metropolitana Salomé Ureña | Biblioteca Pública Metropolitana Salomé Ureña | 03/16/2016 | FUNDI | BPMSU CG 813.4 B964p 1961 | BPMSU16030149 | 03/16/2016 | 03/16/2016 | Libros |